ESSENTIAL OF ORTHOPAEDICS (Record no. 1485)
[ view plain ]
| 000 -LEADER | |
|---|---|
| fixed length control field | 00341nam a2200145Ia 4500 |
| 008 - FIXED-LENGTH DATA ELEMENTS--GENERAL INFORMATION | |
| fixed length control field | 150201s2008 xx 000 0 und d |
| 082 ## - DEWEY DECIMAL CLASSIFICATION NUMBER | |
| Classification number | 617.3 |
| Item number | E08M |
| 100 ## - MAIN ENTRY--PERSONAL NAME | |
| Personal name | MAHESHWARI , J. |
| 245 ## - TITLE STATEMENT | |
| Title | ESSENTIAL OF ORTHOPAEDICS |
| 250 ## - EDITION STATEMENT | |
| Edition statement | 3RD |
| 260 ## - PUBLICATION, DISTRIBUTION, ETC. (IMPRINT) | |
| Name of publisher, distributor, etc. | MEHTA |
| Place of publication, distribution, etc. | DELHI |
| Date of publication, distribution, etc. | 2008 |
| 300 ## - PHYSICAL DESCRIPTION | |
| Extent | 1-330 |
| 650 ## - SUBJECT ADDED ENTRY--TOPICAL TERM | |
| Topical term or geographic name as entry element | ORTHOPEDICS |
| 942 ## - ADDED ENTRY ELEMENTS (KOHA) | |
| Source of classification or shelving scheme | Dewey Decimal Classification |
| Koha item type | Books |
| Koha issues (borrowed), all copies | 46 |
| Withdrawn status | Lost status | Source of classification or shelving scheme | Damaged status | Not for loan | Collection code | Home library | Current library | Shelving location | Date acquired | Source of acquisition | Cost, normal purchase price | SGTU | Total Checkouts | Full call number | Barcode | Date last seen | Date last checked out | Bill Date | Koha item type | Total Renewals |
|---|---|---|---|---|---|---|---|---|---|---|---|---|---|---|---|---|---|---|---|---|
| Dewey Decimal Classification | MEDICAL | SGT Medical Library | SGT Medical Library | Text Book | 20/03/2013 | UBS DELHI | 320.00 | SGTU | 19 | 617.3 E08M | FM5359 | 12/09/2023 | 08/08/2023 | 20/03/2013 | Books | |||||
| Dewey Decimal Classification | MEDICAL | SGT Medical Library | SGT Medical Library | Text Book | 20/03/2013 | UBS DELHI | 320.00 | SGTU | 2 | 617.3 E08M | FM5360 | 20/05/2019 | 13/05/2019 | 20/03/2013 | Books | |||||
| Dewey Decimal Classification | MEDICAL | SGT Medical Library | SGT Medical Library | Text Book | 20/03/2013 | UBS DELHI | 320.00 | SGTU | 617.3 E08M | FM5361 | 09/02/2015 | 20/03/2013 | Books | |||||||
| Dewey Decimal Classification | MEDICAL | SGT Medical Library | SGT Medical Library | Text Book | 20/03/2013 | UBS DELHI | 320.00 | SGTU | 23 | 617.3 E08M | FM5362 | 19/12/2025 | 08/12/2025 | 20/03/2013 | Books | |||||
| Dewey Decimal Classification | MEDICAL | SGT Medical Library | SGT Medical Library | Text Book | 20/03/2013 | UBS DELHI | 320.00 | SGTU | 17 | 617.3 E08M | FM5363 | 20/06/2024 | 12/06/2024 | 20/03/2013 | Books | |||||
| Dewey Decimal Classification | MEDICAL | SGT Medical Library | SGT Medical Library | Text Book | 20/03/2013 | UBS DELHI | 320.00 | SGTU | 18 | 617.3 E08M | FM5364 | 14/05/2024 | 12/04/2024 | 20/03/2013 | Books | 3 |